[Event "Kaupthing Open-A"]
[Site "Differdange"]
[Date "2007.07.10"]
[Round "5.1"]
[White "Koneru, Humpy"]
[Black "Bojkov, Dejan"]
[Result "1-0"]
[WhiteElo "2572"]
[BlackElo "2520"]
[PlyCount "87"]
[EventDate "2007.07.10"]
[SourceDate "2007.07.10"]

1. d4 d5 2. c4 c6 3. Nf3 Nf6 4. e3 Bg4 5. h3 Bxf3 6. Qxf3 e6 7. Nc3 Nbd7 8. Bd3
Bd6 9. O-O O-O 10. Rd1 Qe7 11. e4 dxc4 12. Bxc4 e5 13. d5 Nb6 14. Bb3 cxd5 15.
Nxd5 Nfxd5 16. Bxd5 Nxd5 17. Rxd5 Bc5 18. Be3 Bxe3 19. Qxe3 Rfd8 20. Rad1 Rxd5
21. Rxd5 h6 22. Qc5 Qxc5 23. Rxc5 Rd8 24. Rxe5 Rd1+ 25. Kh2 Rd2 26. Rb5 Rxf2
27. Rxb7 a5 28. Kg3 Rc2 29. Kf3 h5 30. h4 f6 31. a4 Kh7 32. Rb5 Kg6 33. g3 Rc4
34. Rxa5 Rb4 35. Rb5 Rxa4 36. Ke3 Ra1 37. e5 fxe5 38. Rxe5 Rb1 39. Rb5 Kh6 40.
Kd2 Rf1 41. Rg5 Rf3 42. Kc2 g6 43. b4 Kg7 44. b5 1-0

[Event "Kaupthing Open-A"]
[Site "Differdange"]
[Date "2007.07.10"]
[Round "5.2"]
[White "Erdos, Viktor"]
[Black "Heinrichs, Thomas"]
[Result "1/2-1/2"]
[WhiteElo "2523"]
[BlackElo "2496"]
[PlyCount "29"]
[EventDate "2007.07.10"]
[SourceDate "2007.07.10"]

1. d4 Nf6 2. c4 b6 3. Nc3 Bb7 4. Nf3 d5 5. cxd5 Nxd5 6. e3 g6 7. Bb5+ c6 8. Bd3
Nxc3 9. bxc3 Bg7 10. e4 O-O 11. Be3 c5 12. Rc1 e6 13. O-O Qd6 14. Qd2 cxd4 15.
cxd4 1/2-1/2

[Event "Kaupthing Open-A"]
[Site "Differdange"]
[Date "2007.07.10"]
[Round "5.5"]
[White "Stefansson, Hannes"]
[Black "Lobzhanidze, Davit"]
[Result "1/2-1/2"]
[WhiteElo "2568"]
[BlackElo "2470"]
[PlyCount "41"]
[EventDate "2007.07.10"]
[SourceDate "2007.07.10"]

1. e4 e5 2. Nf3 Nc6 3. Bb5 a6 4. Ba4 Nf6 5. O-O Be7 6. Re1 b5 7. Bb3 d6 8. c3
O-O 9. h3 Re8 10. d4 Bb7 11. Nbd2 Bf8 12. a4 Na5 13. Bc2 b4 14. d5 bxc3 15.
bxc3 c6 16. c4 Qc7 17. Ba3 Bc8 18. Nh2 Bd7 19. Nhf1 Rab8 20. Ne3 Rec8 21. Bd3
1/2-1/2

[Event "Kaupthing Open-A"]
[Site "Differdange"]
[Date "2007.07.10"]
[Round "5.7"]
[White "Schlosser, Philipp"]
[Black "Berend, Fred"]
[Result "1-0"]
[WhiteElo "2562"]
[BlackElo "2346"]
[PlyCount "93"]
[EventDate "2007.07.10"]
[SourceDate "2007.07.10"]

1. d4 e6 2. Nf3 c5 3. g3 Nc6 4. Bg2 cxd4 5. Nxd4 Qa5+ 6. Nc3 Bb4 7. O-O Nf6 8.
Nb3 Qh5 9. e4 Qxd1 10. Rxd1 Ke7 11. Bd2 Rd8 12. a3 Bd6 13. Nb5 Bb8 14. Na5 e5
15. Nc4 d6 16. Ne3 Be6 17. Nd5+ Kf8 18. c4 Ne8 19. Be3 Ne7 20. c5 Bxd5 21. exd5
dxc5 22. d6 Bxd6 23. Nxd6 Nxd6 24. Bxc5 Nc4 25. Bxb7 Nxb2 26. Rdb1 Nd3 27.
Bxe7+ Kxe7 28. Bxa8 Rxa8 29. Rb7+ Ke6 30. Rab1 h5 31. Rb8 Rxb8 32. Rxb8 Nc5 33.
f3 Kd5 34. Kf2 a5 35. Ke3 a4 36. Rb4 g6 37. h4 Ke6 38. g4 hxg4 39. fxg4 f5 40.
Rb6+ Kd5 41. Rxg6 f4+ 42. Ke2 Ne6 43. h5 e4 44. h6 Nd4+ 45. Kf1 e3 46. h7 e2+
47. Kf2 1-0

[Event "Kaupthing Open-A"]
[Site "Differdange"]
[Date "2007.07.10"]
[Round "5.8"]
[White "Steingrimsson, H."]
[Black "Sulava, N."]
[Result "0-1"]
[WhiteElo "2470"]
[BlackElo "2544"]
[PlyCount "97"]
[EventDate "2007.07.10"]
[SourceDate "2007.07.10"]

1. d4 Nf6 2. c4 e6 3. Nf3 Bb4+ 4. Nbd2 b6 5. a3 Bxd2+ 6. Bxd2 Bb7 7. Bg5 d6 8.
e3 Nbd7 9. Qc2 h6 10. Bh4 Qe7 11. Rd1 g5 12. Bg3 Ne4 13. d5 Ndf6 14. Nd4 h5 15.
dxe6 fxe6 16. Qa4+ Qd7 17. Qxd7+ Kxd7 18. f3 h4 19. Bf2 Nxf2 20. Kxf2 Rad8 21.
h3 e5 22. Nb3 Ne4+ 23. Ke1 Ng3 24. Rg1 e4 25. fxe4 Bxe4 26. Nd2 Rde8 27. Rc1
Bd3 28. Rc3 Rxe3+ 29. Kd1 Nxf1 30. Nxf1 Be2+ 31. Kd2 Rxc3 32. Kxc3 Re8 33. Nh2
Re4 34. b3 Bh5 35. Kd3 Bg6 36. Kd2 Rd4+ 37. Ke1 Rd3 38. Nf3 Rxb3 39. Nxg5 Rxa3
40. Kf2 Rc3 41. Re1 Rxc4 42. Re6 Rc2+ 43. Ke3 Bf7 44. Rh6 Bd5 45. Rxh4 Rxg2 46.
Nh7 Ke7 47. Ra4 a5 48. h4 Be6 49. Rc4 0-1

[Event "Kaupthing Open-A"]
[Site "Differdange"]
[Date "2007.07.10"]
[Round "5.9"]
[White "Gharamian, Tigran"]
[Black "Goriachnik, Dmitry"]
[Result "1-0"]
[WhiteElo "2517"]
[BlackElo "2301"]
[PlyCount "71"]
[EventDate "2007.07.10"]
[SourceDate "2007.07.10"]

1. e4 c5 2. Nf3 Qa5 3. Bc4 Nc6 4. O-O b5 5. Bd5 Nf6 6. d4 Nxd5 7. exd5 Nxd4 8.
Nxd4 cxd4 9. Qxd4 Bb7 10. Rd1 Rc8 11. c3 Rc4 12. Qd3 Rg4 13. Nd2 e6 14. dxe6
fxe6 15. f3 Rg6 16. Nc4 Qc7 17. Bf4 Qc5+ 18. Be3 Qd5 19. Ne5 Rf6 20. Nxd7 Rf5
21. Nxf8 Rhxf8 22. Qxd5 Bxd5 23. Bxa7 g5 24. Be3 Re5 25. Re1 g4 26. fxg4 Re4
27. h3 Rf7 28. a3 Kd7 29. Bd4 Ref4 30. a4 b4 31. a5 bxc3 32. bxc3 h5 33. gxh5
Rh4 34. Re5 Rh7 35. Rxd5+ exd5 36. a6 1-0

[Event "Kaupthing Open-A"]
[Site "Differdange"]
[Date "2007.07.10"]
[Round "5.10"]
[White "Feller, Sebastien"]
[Black "Velicka, Petr"]
[Result "0-1"]
[WhiteElo "2478"]
[BlackElo "2507"]
[PlyCount "130"]
[EventDate "2007.07.10"]
[SourceDate "2007.07.10"]

1. c4 Nf6 2. Nf3 c6 3. d4 d5 4. Nc3 a6 5. c5 Nbd7 6. Bf4 Nh5 7. Bd2 Nhf6 8. Qc2
g6 9. h3 Bg7 10. Bf4 O-O 11. e3 Ne8 12. Bg5 Nc7 13. O-O-O b6 14. cxb6 Nxb6 15.
Qb3 Nd7 16. Qa3 Re8 17. Qa5 Bb7 18. Bf4 Ne6 19. Qxd8 Rexd8 20. Bg3 c5 21. Kb1
Rac8 22. Be2 cxd4 23. Nxd4 Nxd4 24. exd4 Nb6 25. Rhe1 e5 26. Bf1 exd4 27. Ne2
Re8 28. Nc1 Rxe1 29. Rxe1 Nc4 30. Bf4 a5 31. Bd3 h6 32. Re7 Bc6 33. Rc7 Rxc7
34. Bxc7 a4 35. Ne2 Nd2+ 36. Kc2 Ne4 37. f3 Nc5 38. Bb6 Nxd3 39. Kxd3 Bb5+ 40.
Kd2 Bc4 41. b3 axb3 42. axb3 Bxb3 43. Nxd4 Bc4 44. Ke3 Kf8 45. Nc6 Ke8 46. Bd4
Bf8 47. Ne5 Bf1 48. Kf2 Bb5 49. Ng4 Kd7 50. h4 Ke6 51. Ke3 h5 52. Nf2 Bd6 53.
f4 Kf5 54. g3 Ba3 55. Kf3 Bc1 56. Nd1 Bd3 57. Bb2 Bd2 58. Bc3 Bc1 59. Bb2 Bxb2
60. Nxb2 Bc2 61. Ke3 Kg4 62. Kf2 Kh3 63. Kf3 Kh2 64. Kf2 f5 65. Kf3 Kg1 0-1

[Event "Kaupthing Open-A"]
[Site "Differdange"]
[Date "2007.07.10"]
[Round "5.11"]
[White "Kasparov, Sergey"]
[Black "Bergsson, Snorri"]
[Result "1/2-1/2"]
[WhiteElo "2500"]
[BlackElo "2301"]
[PlyCount "97"]
[EventDate "2007.07.10"]
[SourceDate "2007.07.10"]

1. e4 c5 2. Nf3 e6 3. d4 cxd4 4. Nxd4 Nc6 5. Nxc6 bxc6 6. Bd3 Nf6 7. Nd2 d5 8.
O-O Be7 9. b3 Nd7 10. Bb2 Bf6 11. Bxf6 Qxf6 12. f4 Qd4+ 13. Kh1 Nc5 14. Nf3 Qe3
15. exd5 Nxd3 16. Qxd3 Qxd3 17. cxd3 cxd5 18. Rfc1 O-O 19. Kg1 Ba6 20. d4 Rfb8
21. Rc7 Be2 22. Nd2 Rb4 23. Kf2 Bh5 24. Ke3 a5 25. a3 Rbb8 26. Rac1 h6 27. h4
Bg4 28. Re7 Rc8 29. Rcc7 Bh5 30. Kd3 Kh7 31. Ke3 Rab8 32. g3 Bd1 33. Rxf7 Rxc7
34. Rxc7 Bxb3 35. Rc6 Bd1 36. Rxe6 Rc8 37. Kd3 Bc2+ 38. Ke2 Rc3 39. Re3 Bd1+
40. Kf2 Rc2 41. Ke1 Bg4 42. Nf3 Bxf3 43. Rxf3 Rc4 44. Rd3 Kg6 45. Ke2 Kf5 46.
Kf3 h5 47. Re3 Rxd4 48. Re5+ Kg6 49. Rg5+ 1/2-1/2

[Event "Kaupthing Open-A"]
[Site "Differdange"]
[Date "2007.07.10"]
[Round "5.12"]
[White "Ajrapetjan, Yuriy"]
[Black "Schebler, Gerhard"]
[Result "0-1"]
[WhiteElo "2387"]
[BlackElo "2496"]
[PlyCount "96"]
[EventDate "2007.07.10"]
[SourceDate "2007.07.10"]

1. d4 g6 2. e4 Bg7 3. Nc3 d6 4. Be3 a6 5. a4 Nf6 6. f3 O-O 7. Qd2 Nc6 8. Nge2
e5 9. d5 Ne7 10. g4 c6 11. Ng3 cxd5 12. exd5 Qa5 13. b4 Qc7 14. g5 Nfxd5 15.
Nxd5 Nxd5 16. Qxd5 Qc3+ 17. Kf2 Qxa1 18. Qb3 Be6 19. c4 b5 20. Be2 Qxa4 21.
Qxa4 bxa4 22. Ra1 Rfb8 23. Rxa4 Bd7 24. Ra2 Rxb4 25. Ne4 Be6 26. Nxd6 e4 27.
Bc5 Rb2 28. Rxb2 Bxb2 29. Bd1 Be5 30. Nxe4 Bxc4 31. Ke3 Bxh2 32. Nf6+ Kg7 33.
Ke4 Be6 34. f4 Rd8 35. Ba4 Rc8 36. Ne8+ Kg8 37. Nf6+ Kh8 38. Bd4 Rc4 39. Bc6
Bxf4 40. Ne8+ Rxd4+ 41. Kxd4 Bxg5 42. Nc7 Bc8 43. Bd5 Kg8 44. Ke5 Be7 45. Bc4
a5 46. Nd5 Bd8 47. Nc3 Kg7 48. Ne4 Be7 0-1

[Event "Kaupthing Open-A"]
[Site "Differdange"]
[Date "2007.07.10"]
[Round "5.14"]
[White "Vatter, Hans-Joachim"]
[Black "Meijers, Veisturs"]
[Result "0-1"]
[WhiteElo "2319"]
[BlackElo "2483"]
[PlyCount "62"]
[EventDate "2007.07.10"]
[SourceDate "2007.07.10"]

1. d4 Nf6 2. c4 e6 3. g3 d5 4. Bg2 dxc4 5. Nf3 Nc6 6. Qa4 Bb4+ 7. Bd2 Nd5 8.
Bxb4 Ndxb4 9. a3 b5 10. Qd1 Nd5 11. a4 b4 12. a5 Ba6 13. O-O O-O 14. e4 Nf6 15.
Re1 Rb8 16. Bf1 Bb5 17. Nbd2 c3 18. bxc3 bxc3 19. Nb3 Bxf1 20. Kxf1 Qe7 21. Nc5
Rfd8 22. Qa4 Nxd4 23. Na6 Nxf3 24. Nxb8 Rxb8 25. Re3 Nd2+ 26. Kg2 Qc5 27. Rc1
Ndxe4 28. Rxe4 Qd5 29. Kf3 c2 30. Rxc2 Nxe4 31. Rb2 Nf6+ 0-1

[Event "Kaupthing Open-A"]
[Site "Differdange"]
[Date "2007.07.10"]
[Round "5.15"]
[White "Rohit, G."]
[Black "Korman, M."]
[Result "1-0"]
[WhiteElo "2470"]
[BlackElo "2061"]
[PlyCount "131"]
[EventDate "2007.07.10"]
[SourceDate "2007.07.10"]

1. e4 e6 2. d4 d5 3. Nc3 Bb4 4. e5 c5 5. a3 Bxc3+ 6. bxc3 Qc7 7. Nf3 b6 8. Bb5+
Bd7 9. Bd3 Ba4 10. O-O Ne7 11. Be3 h6 12. h3 c4 13. Be2 Nbc6 14. Nh2 O-O-O 15.
f4 Rdg8 16. Ra2 Qd8 17. Bf2 Qd7 18. Bf3 Kc7 19. Qe2 Kc8 20. Kh1 Rh7 21. h4 Nd8
22. h5 Ndc6 23. Bg4 g6 24. Bh3 Rf8 25. Ng4 Ng8 26. Ne3 Rg7 27. Bh4 Kb7 28. Ng4
Qc8 29. Nf6 Nce7 30. g4 g5 31. fxg5 hxg5 32. Bf2 Nc6 33. Be3 Nxf6 34. Rxf6 Rfg8
35. Qd2 Qf8 36. Ra1 Qe7 37. Kg2 Nb8 38. h6 Rg6 39. h7 Rh8 40. Bxg5 Qe8 41. Rxg6
fxg6 42. Rf1 Rxh7 43. Bh6 Rf7 44. Rf6 Nd7 45. Rxg6 Rf2+ 46. Kxf2 Qxg6 47. g5
Nb8 48. Bg4 Nc6 49. Kg3 Ne7 50. Qf2 Nf5+ 51. Bxf5 exf5 52. Kf4 Qh5 53. e6 Qg4+
54. Ke5 Qe4+ 55. Kf6 f4 56. g6 Bxc2 57. Qg1 Qf5+ 58. Ke7 f3 59. g7 f2 60. Qxf2
Qxf2 61. g8=Q Qe1 62. Kd6 Qxc3 63. Qf7+ Ka6 64. e7 Qxa3+ 65. Kxd5 c3 66. Qf1+
1-0

[Event "Kaupthing Open-A"]
[Site "Differdange"]
[Date "2007.07.10"]
[Round "5.16"]
[White "Valuet, Bertravd"]
[Black "Gaponenko, Inna"]
[Result "1-0"]
[WhiteElo "2303"]
[BlackElo "2458"]
[PlyCount "103"]
[EventDate "2007.07.10"]
[SourceDate "2007.07.10"]

1. d4 Nf6 2. c4 e6 3. Nc3 Bb4 4. Qc2 d5 5. a3 Bxc3+ 6. Qxc3 Ne4 7. Qc2 c5 8.
dxc5 Nc6 9. cxd5 exd5 10. Nf3 Qf6 11. e3 Bg4 12. Be2 O-O 13. Bd2 Rfe8 14. Bc3
Qe7 15. O-O Qxc5 16. Rac1 Rad8 17. Rfd1 Nxc3 18. Qxc3 Qxc3 19. bxc3 Ne5 20. Rb1
b6 21. Rb5 Rc8 22. Rbxd5 Nxf3+ 23. gxf3 Be6 24. c4 Bxd5 25. cxd5 Red8 26. e4
Rc5 27. f4 Kf8 28. d6 g5 29. fxg5 Rxg5+ 30. Kf1 Ke8 31. f4 Ra5 32. a4 Kd7 33.
e5 Rc5 34. Kf2 Rg8 35. Ke3 f6 36. Bb5+ Ke6 37. d7 Rc3+ 38. Kd4 Rc7 39. Bc4+
Rxc4+ 40. Kxc4 Rd8 41. Rd6+ Ke7 42. Rxf6 Rxd7 43. Rh6 Kf8 44. f5 Kg7 45. Rd6
Rf7 46. f6+ Kg6 47. Kd5 Rc7 48. Rc6 Rd7+ 49. Ke6 Rd4 50. f7 Rf4 51. Ke7+ Kg7
52. Rf6 1-0

[Event "Kaupthing Open-A"]
[Site "Differdange"]
[Date "2007.07.10"]
[Round "5.17"]
[White "Zienkevicz, Alexandre"]
[Black "Siebrecht, Sebastian"]
[Result "0-1"]
[WhiteElo "2037"]
[BlackElo "2431"]
[PlyCount "110"]
[EventDate "2007.07.10"]
[SourceDate "2007.07.10"]

1. d4 Nf6 2. c4 e6 3. Nc3 d5 4. Nf3 Nbd7 5. cxd5 exd5 6. Bf4 c6 7. h3 Be7 8. e3
O-O 9. Bd3 Re8 10. Qc2 Nf8 11. Ne5 Bd6 12. g4 Ng6 13. Nxg6 hxg6 14. O-O-O Bxf4
15. exf4 Qd6 16. Qd2 Qb4 17. Bc2 Bd7 18. f5 gxf5 19. gxf5 Qd6 20. Qg5 Nh7 21.
Qh4 Qf6 22. Qf4 Qg5 23. Qxg5 Nxg5 24. Rhg1 f6 25. h4 Nf3 26. Rg4 Re7 27. Rh1
Rae8 28. Nd1 Re1 29. Rh3 Rg1 30. Rf4 Ne1 31. Re3 Rh1 32. Kd2 Ng2 33. Rxe8+ Bxe8
34. Rg4 Nxh4 35. Ne3 Nf3+ 36. Ke2 Ne1 37. Rg3 Bh5+ 38. Kd2 Nf3+ 39. Kc3 Ng5 40.
Kd2 Bf3 41. Bd3 Kf7 42. Bc2 Ne4+ 43. Bxe4 dxe4 44. Ng2 Rd1+ 45. Kc3 Rc1+ 46.
Kd2 Rb1 47. Kc3 Rf1 48. Nf4 Rxf2 49. Ne6 Rg2 50. Rxg2 Bxg2 51. Nd8+ Ke7 52.
Nxb7 Bh3 53. Na5 Kd7 54. Kb4 Bxf5 55. Nc4 Be6 0-1

[Event "Kaupthing Open-A"]
[Site "Differdange"]
[Date "2007.07.10"]
[Round "5.18"]
[White "Nezar, Mustapha"]
[Black "Penzel, Nils"]
[Result "1-0"]
[WhiteElo "2417"]
[BlackElo "2002"]
[PlyCount "83"]
[EventDate "2007.07.10"]
[SourceDate "2007.07.10"]

1. d4 Nf6 2. c4 g6 3. Nc3 Bg7 4. e4 d6 5. f3 O-O 6. Be3 e5 7. d5 Nh5 8. Qd2
Qh4+ 9. g3 Nxg3 10. Qf2 Nxf1 11. Qxh4 Nxe3 12. Ke2 Nxc4 13. Rc1 Bd7 14. Nd1 Bb5
15. Kf2 Rc8 16. b3 Nb6 17. Rxc7 Rxc7 18. Qd8+ Bf8 19. Qxc7 Na6 20. Qc3 Rc8 21.
Qd2 Nc5 22. Nb2 Be7 23. h4 Nbd7 24. Ne2 Nf6 25. Ng3 h5 26. Rc1 Rc7 27. Kg2 Ne8
28. b4 Na6 29. a4 Bd7 30. Rh1 Kg7 31. Ne2 Rc8 32. Nc1 Bd8 33. Nb3 Nxb4 34. Qxb4
Rc2+ 35. Nd2 a5 36. Qxb7 Bc8 37. Qb8 Rxd2+ 38. Kg3 Rc2 39. Rh2 Rc3 40. Nd1 Rc4
41. Ne3 Be7 42. Rc2 1-0

[Event "Kaupthing Open-A"]
[Site "Differdange"]
[Date "2007.07.10"]
[Round "5.19"]
[White "Iotov, Valentin"]
[Black "Wagener, Claude"]
[Result "1-0"]
[WhiteElo "2502"]
[BlackElo "2307"]
[PlyCount "79"]
[EventDate "2007.07.10"]
[SourceDate "2007.07.10"]

1. d4 Nf6 2. c4 g6 3. Nc3 d5 4. Nf3 Bg7 5. Qb3 dxc4 6. Qxc4 O-O 7. e4 Bg4 8.
Be2 Nbd7 9. Be3 Nb6 10. Qc5 Nfd7 11. Qg5 Bxf3 12. gxf3 e5 13. Qxd8 Rfxd8 14. d5
c6 15. O-O-O Bf8 16. Rd2 Nf6 17. dxc6 bxc6 18. Rhd1 Rxd2 19. Rxd2 Nh5 20. Bd1
Nf4 21. Bb3 Ne6 22. Na4 Nxa4 23. Bxa4 Rc8 24. Rd7 Bc5 25. Bb3 Bb6 26. Re7 Rc7
27. Re8+ Kg7 28. Bxb6 axb6 29. Bxe6 fxe6 30. Rxe6 Rf7 31. Rxc6 Rxf3 32. Rxb6
Rxf2 33. a4 g5 34. Rb3 Rxh2 35. a5 g4 36. a6 Rh1+ 37. Kd2 Ra1 38. Ra3 Rxa3 39.
bxa3 g3 40. Ke2 1-0

[Event "Kaupthing Open-A"]
[Site "Differdange"]
[Date "2007.07.10"]
[Round "5.20"]
[White "Michiels, Bart"]
[Black "Brittner, Serge"]
[Result "1/2-1/2"]
[WhiteElo "2454"]
[BlackElo "2294"]
[PlyCount "128"]
[EventDate "2007.07.10"]
[SourceDate "2007.07.10"]

1. e4 e6 2. d4 d5 3. Nc3 Bb4 4. e5 c5 5. a3 Bxc3+ 6. bxc3 Ne7 7. Qg4 O-O 8. Bd3
Nbc6 9. Qh5 Ng6 10. Nf3 Qc7 11. Be3 c4 12. Bxg6 fxg6 13. Qg4 Bd7 14. h4 Rf5 15.
h5 gxh5 16. Rxh5 Rxh5 17. Qxh5 Be8 18. Qh3 Nd8 19. Ng5 h6 20. Nxe6 Qa5 21. Bxh6
Nxe6 22. Qxe6+ Bf7 23. Qh3 gxh6 24. f4 Qb6 25. O-O-O Qg6 26. g4 Rc8 27. Qh4 Rc6
28. f5 Qg7 29. e6 Be8 30. f6 Qg5+ 31. Qxg5+ hxg5 32. Re1 Rd6 33. f7+ Bxf7 34.
exf7+ Kxf7 35. Re5 Kf6 36. Kb2 Rb6+ 37. Ka2 Rd6 38. a4 a5 39. Rf5+ Kg6 40. Kb2
Rd8 41. Kc1 Rd7 42. Rf8 Kg7 43. Rc8 Kf6 44. Rc5 Ke6 45. Rb5 Re7 46. Rb6+ Kf7
47. Rd6 Re4 48. Rxd5 Rxg4 49. Rxa5 Kf6 50. Rb5 Rg1+ 51. Kd2 Rg2+ 52. Ke3 Rxc2
53. Rxb7 Rxc3+ 54. Ke4 g4 55. Rb8 g3 56. Rg8 Ra3 57. a5 c3 58. Rxg3 c2 59. Rg1
Rxa5 60. Rc1 Ra2 61. Kd3 Ke6 62. Rxc2 Rxc2 63. Kxc2 Kd5 64. Kd3 Kd6 1/2-1/2

[Event "Kaupthing Open-A"]
[Site "Differdange"]
[Date "2007.07.10"]
[Round "5.22"]
[White "Bellin, Jana"]
[Black "Mamedjarova, Zeinab"]
[Result "1-0"]
[WhiteElo "2151"]
[BlackElo "2384"]
[PlyCount "66"]
[EventDate "2007.07.10"]

1. d4 f5 2. Nc3 g6 3. e4 fxe4 4. Nxe4 d5 5. Ng3 Nf6 6. h4 Nc6 7. h5 Rg8 8. hxg6
hxg6 9. Bg5 Qd6 10. c3 Bd7 11. Nf3 O-O-O 12. Qd2 Ne4 13. Nxe4 dxe4 14. Bf4 Qd5
15. Ne5 Nxe5 16. Bxe5 Bg7 17. c4 Qe6 18. Bxg7 Rxg7 19. O-O-O Rf7 20. Qe3 Rdf8
21. Rd2 Rf4 22. d5 Qb6 23. c5 Qa5 24. Bc4 Bb5 25. Bxb5 Qxb5 26. Re1 b6 27. c6
Qc5+ 28. Qxc5 bxc5 29. Re3 e6 30. dxe6 Re8 31. Rde2 Rxe6 32. Kd2 Kd8 33. Kd1
Rh4 1-0

[Event "Kaupthing Open-A"]
[Site "Differdange"]
[Date "2007.07.10"]
[Round "5.23"]
[White "Zozulia, Anna"]
[Black "Jaenig, Reinhard"]
[Result "1/2-1/2"]
[WhiteElo "2328"]
[BlackElo "2169"]
[PlyCount "117"]
[EventDate "2007.07.10"]

1. e4 c5 2. Nf3 e6 3. d4 cxd4 4. Nxd4 a6 5. Bd3 Nf6 6. O-O Qc7 7. Nc3 Be7 8.
Kh1 d6 9. f4 Nbd7 10. Qf3 b6 11. Bd2 Bb7 12. Qh3 O-O-O 13. b4 Kb8 14. Qe3 g6
15. Qe2 e5 16. Nf3 exf4 17. Bxa6 Rc8 18. a4 Rhe8 19. Bxb7 Kxb7 20. a5 Qc4 21.
a6+ Ka8 22. Qd3 Qxd3 23. cxd3 Ne5 24. d4 Nxf3 25. gxf3 Rc4 26. Nb5 g5 27. Rac1
Rec8 28. Rxc4 Rxc4 29. Rc1 Rxc1+ 30. Bxc1 d5 31. Nc7+ Kb8 32. a7+ Kxa7 33. e5
Bd8 34. Nb5+ Ka6 35. Nd6 Be7 36. b5+ Ka5 37. Nb7+ Kxb5 38. exf6 Bxf6 39. Nd6+
Kb4 40. Kg2 Bxd4 41. Kf1 f6 42. Ke2 Be5 43. Nf5 h5 44. Ng7 h4 45. Kd3 b5 46.
Nf5 Kb3 47. h3 b4 48. Ne7 d4 49. Nd5 f5 50. Bd2 g4 51. fxg4 fxg4 52. Nxf4 Bxf4
53. Bxf4 gxh3 54. Bd6 Ka4 55. Kxd4 Kb3 56. Ke3 Kc3 57. Kf2 b3 58. Be5+ Kc2 59.
Kg1 1/2-1/2

[Event "Kaupthing Open-A"]
[Site "Differdange"]
[Date "2007.07.10"]
[Round "5.25"]
[White "Bakalarz, Mieczyslaw"]
[Black "Weller, Manuel"]
[Result "1-0"]
[WhiteElo "2355"]
[BlackElo "1958"]
[PlyCount "131"]
[EventDate "2007.07.10"]

1. d4 Nf6 2. Nf3 e6 3. Bg5 c5 4. e3 Nc6 5. Nbd2 cxd4 6. exd4 Be7 7. c3 h6 8.
Bf4 d6 9. h3 O-O 10. Be2 Re8 11. O-O Bf8 12. Nc4 Qc7 13. Bh2 b6 14. Re1 Bb7 15.
Bf1 Rad8 16. Qb3 Nb8 17. Ncd2 Nbd7 18. Qa4 Bc6 19. Bb5 Bxb5 20. Qxb5 Qb7 21. c4
a6 22. Qb3 Qc6 23. Qd3 e5 24. d5 Qc8 25. b4 g6 26. a4 a5 27. Qb3 Qc7 28. Rab1
Rb8 29. Ne4 Nxe4 30. Rxe4 Ra8 31. Re2 Bg7 32. Nd2 Rab8 33. f3 f5 34. Bg3 Kh7
35. Bf2 Bf6 36. g4 Rg8 37. Qc2 fxg4 38. hxg4 Be7 39. Kg2 Rbf8 40. Ne4 Rf7 41.
Be3 Rh8 42. bxa5 bxa5 43. Qd2 Kg7 44. c5 Nf6 45. Nxf6 Rxf6 46. c6 Rf7 47. Rb7
Qc8 48. Rd7 Qf8 49. Qxa5 h5 50. g5 Bd8 51. Rxf7+ Qxf7 52. Qa7 Be7 53. Qd7 Rd8
54. Qe6 Qxe6 55. dxe6 Rc8 56. Rc2 Bd8 57. f4 Kf8 58. fxe5 dxe5 59. Bc5+ Ke8 60.
Bd6 Bxg5 61. a5 Bd8 62. c7 Be7 63. Bxe5 Bb4 64. a6 Ba5 65. a7 Ke7 66. a8=Q 1-0

[Event "Kaupthing Open-A"]
[Site "Differdange"]
[Date "2007.07.10"]
[Round "5.26"]
[White "Berend, Elvira"]
[Black "Barthel, Ansgar"]
[Result "0-1"]
[WhiteElo "2340"]
[BlackElo "2182"]
[PlyCount "84"]
[EventDate "2007.07.10"]

1. e4 Nf6 2. e5 Nd5 3. d4 d6 4. Nf3 Bg4 5. Be2 c6 6. c4 Nb6 7. Nbd2 N8d7 8.
exd6 exd6 9. O-O Be7 10. b3 O-O 11. Bb2 Re8 12. Bd3 Nf8 13. Qc2 d5 14. c5 Nbd7
15. b4 b6 16. Ne5 Nxe5 17. dxe5 a5 18. cxb6 Bxb4 19. b7 Rb8 20. Nb3 Rxb7 21.
Qxc6 Rb6 22. Qc2 Qh4 23. f3 Bd7 24. g3 Qh5 25. Qf2 Rbb8 26. f4 a4 27. Nc1 Bh3
28. Be2 Qf5 29. Rd1 Ne6 30. Nd3 Ba5 31. Kh1 Bb6 32. Qf3 Bd4 33. g4 Qe4 34. Bxd4
Nxd4 35. Qxe4 dxe4 36. Nf2 Nxe2 37. Nxh3 Rb2 38. Rd7 h6 39. Ra7 Rd8 40. Rxa4
Nc3 41. Rc4 Rd3 42. Ng1 Rdd2 0-1

[Event "Kaupthing Open-A"]
[Site "Differdange"]
[Date "2007.07.10"]
[Round "5.27"]
[White "Zelbel, Patrick"]
[Black "Graf, Felix"]
[Result "1/2-1/2"]
[WhiteElo "2193"]
[BlackElo "2273"]
[PlyCount "62"]
[EventDate "2007.07.10"]

1. e4 e6 2. d4 d5 3. Nd2 Nf6 4. e5 Nfd7 5. Bd3 c5 6. c3 Nc6 7. Ne2 Qb6 8. Nf3
cxd4 9. cxd4 f6 10. exf6 Nxf6 11. O-O Bd6 12. b3 O-O 13. Bf4 Bxf4 14. Nxf4 Bd7
15. Re1 Rae8 16. Qd2 Qc7 17. g3 g5 18. Ne2 g4 19. Qg5+ Kh8 20. Ne5 Nxe5 21.
dxe5 Ne4 22. Bxe4 dxe4 23. Rac1 Qb6 24. Qe3 Qa5 25. Qc3 Qxc3 26. Nxc3 Bc6 27.
Nxe4 Rd8 28. Nd6 Rf3 29. Rcd1 Rdf8 30. Rd2 h5 31. Ne4 R3f7 1/2-1/2

[Event "Kaupthing Open-A"]
[Site "Differdange"]
[Date "2007.07.10"]
[Round "5.29"]
[White "Mamedjarova, Turkan"]
[Black "Daubenfeld, Gilles"]
[Result "1/2-1/2"]
[WhiteElo "2254"]
[BlackElo "2158"]
[PlyCount "148"]
[EventDate "2007.07.10"]

1. d4 Nf6 2. Nf3 g6 3. e3 Bg7 4. Bd3 O-O 5. O-O d6 6. e4 c5 7. c3 Bg4 8. d5
Nbd7 9. h3 Bxf3 10. Qxf3 Ne5 11. Qe2 Nxd3 12. Qxd3 a6 13. c4 Ne8 14. Nc3 Nc7
15. Ne2 b5 16. Rb1 bxc4 17. Qxc4 Rb8 18. b3 Rb4 19. Qc2 f5 20. f3 fxe4 21. fxe4
Rxf1+ 22. Kxf1 e6 23. Bd2 Rb8 24. Kg1 exd5 25. exd5 Qh4 26. Bf4 Qe7 27. Rd1 Re8
28. Rd2 Be5 29. Bxe5 Qxe5 30. Kh1 Rf8 31. Qd1 Rf5 32. Ng1 Qe4 33. Re2 Rxd5 34.
Qe1 Qd4 35. Qa5 Qg7 36. Qb6 h5 37. Qb8+ Kh7 38. Qd8 Re5 39. Rxe5 dxe5 40. Nf3
Ne6 41. Qd5 Nf4 42. Qxc5 Nd3 43. Ng5+ Kh6 44. Qe3 Nf4 45. Nf3 Kh7 46. Qxe5 Qxe5
47. Nxe5 Nd5 48. Nc6 Kg7 49. Nb8 Nc7 50. b4 Kf7 51. Nd7 Ke6 52. Nc5+ Kd5 53.
Kh2 a5 54. a3 axb4 55. axb4 Kc4 56. Kg3 g5 57. Ne4 Ne6 58. Nxg5 Nxg5 59. Kh4
Ne6 60. g3 Ng7 61. Kg5 Kxb4 62. Kg6 Ne6 63. Kxh5 Kc5 64. Kg6 Kd6 65. Kf6 Nf8
66. Kf7 Nd7 67. h4 Ke5 68. h5 Kf5 69. h6 Nf6 70. Kg7 Kg5 71. Kf7 Nh7 72. Kg7
Nf6 73. g4 Ne8+ 74. Kh7 Nf6+ 1/2-1/2

[Event "Kaupthing Open-A"]
[Site "Differdange"]
[Date "2007.07.10"]
[Round "5.30"]
[White "Schweitzer, Viktoriya"]
[Black "Stull, Norbert"]
[Result "0-1"]
[WhiteElo "2243"]
[BlackElo "2134"]
[PlyCount "111"]
[EventDate "2007.07.10"]

1. d4 Nf6 2. Nf3 g6 3. Bg5 Bg7 4. Nbd2 c5 5. e3 O-O 6. Bd3 d5 7. c3 Nbd7 8. O-O
b6 9. Qe2 Bb7 10. e4 dxe4 11. Nxe4 cxd4 12. cxd4 Nxe4 13. Bxe4 Bxe4 14. Qxe4
Nf6 15. Qh4 Rc8 16. Rad1 Rc2 17. Rd2 Rxd2 18. Bxd2 Qd5 19. Bb4 Re8 20. a3 Qb3
21. Re1 e6 22. Bc3 Nd5 23. Ng5 Nxc3 24. Qxh7+ Kf8 25. bxc3 Qxc3 26. Nf3 Rd8 27.
Qh4 Rxd4 28. Qg5 Rd5 29. Qf4 Be5 30. Qh4 Bf6 31. Qh6+ Kg8 32. Qf4 Kg7 33. h3
Qxa3 34. g4 Qd6 35. Qe3 Rd3 36. Qe2 Qd5 37. Kg2 b5 38. h4 Bxh4 39. Rh1 Bf6 40.
Rh3 b4 41. Qe1 b3 42. Qc1 b2 43. Qh6+ Kg8 44. Qf4 Be5 45. Qa4 Qa8 46. Qb5 Rd5
47. Qb3 Bg7 48. Rh1 Qd8 49. Re1 a5 50. Qa4 Qd7 51. Qb3 Rb5 52. Qc2 Rd5 53. Rh1
Rd3 54. g5 a4 55. Qb1 a3 56. Qc2 0-1

[Event "Kaupthing Open-A"]
[Site "Differdange"]
[Date "2007.07.10"]
[Round "5.32"]
[White "Mauquoi, Rudi"]
[Black "Kasparova, Tatiana"]
[Result "0-1"]
[WhiteElo "2064"]
[BlackElo "2217"]
[PlyCount "98"]
[EventDate "2007.07.10"]

1. c4 c5 2. Nc3 g6 3. Nf3 Bg7 4. d4 cxd4 5. Nxd4 Nc6 6. Nxc6 dxc6 7. Qxd8+ Kxd8
8. Bd2 f5 9. O-O-O Kc7 10. e4 e5 11. f4 Nf6 12. fxe5 Ng4 13. Bf4 Bxe5 14. Bxe5+
Nxe5 15. exf5 Bxf5 16. Be2 Rad8 17. Rxd8 Rxd8 18. Rd1 Rxd1+ 19. Kxd1 Kd6 20. b4
Nd3 21. b5 Kc5 22. Kd2 Ne5 23. Na4+ Kb4 24. b6 axb6 25. Nxb6 Kc5 26. Na4+ Kd4
27. Nb2 Be6 28. a3 Bxc4 29. Bd1 Bd5 30. g3 h6 31. h4 g5 32. hxg5 hxg5 33. Bh5
Nc4+ 34. Nxc4 Kxc4 35. Kc2 Kd4 36. Kd2 c5 37. Bg4 b6 38. Bd7 c4 39. Be8 c3+ 40.
Kc2 Be4+ 41. Kc1 Ke3 42. Bd7 Kf2 43. g4 Ke3 44. Bc8 Kd4 45. Be6 Kc5 46. Bd7 Kc4
47. Be6+ Bd5 48. Bd7 Kb3 49. a4 Kb4 0-1